Online Catalogue and eLibrary

Sadun muka (Record no. 6026)

MARC details
000 -LEADER
fixed length control field 00383nam a22001577a 4500
005 - DATE AND TIME OF LATEST TRANSACTION
control field 20250425052648.0
008 - FIXED-LENGTH DATA ELEMENTS--GENERAL INFORMATION
fixed length control field 250425b |||||||| |||| 00| 0 eng d
020 ## - INTERNATIONAL STANDARD BOOK NUMBER
ISBN 9556231943
082 ## - DDC Classification
DDC Edition Number 22
Class No. 891
100 ## - MAIN ENTRY--PERSONAL NAME
Personal name Pushpakunasekara, Saman
245 ## - TITLE STATEMENT
Title Sadun muka
260 ## - PUBLICATION, DISTRIBUTION, ETC.
Place of publication, distribution, etc. Thangotuwa
Name of publisher, distributor, etc. Malpiyali Press
Date of publication, distribution, etc. 1999
300 ## - PHYSICAL DESCRIPTION
Extent (e.g. Volumes, Pages etc.) 100 p .,
500 ## - GENERAL NOTE
General note Indian Short Stories
942 ## - Koha item type (Biblio)
Koha item type Books in Stacks (Lending)
Holdings
Lost status Damaged status Collection code Home library Current library Date acquired Full call number Accession Number Item type
    Lending WERC Library WERC Library 04/25/2025 891 4555 Books in Stacks (Lending)

© WERC Library